00542 a2200145 4500020001500000050001800015100003400033245008900067264003100156300002100187500006400208504006400272650003400336700002600370 a041503787500aP306 HEW 19911 aHewson, Lance,d1953-eauthor10aRedefining translation :bthe variational approach /cLance Hewson and Jacky Martin. aLondon:bRoutledge.,c1991 a263 p. :bill. ; aIncludes bibliographical references (p. 253-257) and index. aIncludes bibliographical references (p. 253-257) and index. 0aTranslating and interpreting.1 aMartin, Jacky,d1940-